00455nam a2200181Ia 4500003000400000005001700004008004100021020002200062040000700084041000800091082002300099100001800122245004500140260004300185300001200228365001300240650002000253OSt20230429104015.0210423s2014 xx 000 0 und d a978-1-4088-5567-6 cAL aeng a823.914 223bROWH aROWLING (J K) aHarry potter and the prisoner of azkaban aNew DelhibBloomsbury Publishingc2014 a462bPB b499cINR aEnglish Fiction